| 000 | 00601nam a2200181 a 4500 | ||
|---|---|---|---|
| 005 | 20140412111318.0 | ||
| 008 | 010327s19uu xx 00 eng d | ||
| 020 | _a0-590-13102-8 | ||
| 050 |
_aTR(GS 371.3 _bF45 1998 |
||
| 100 | _aFiderer, Adele | ||
| 245 |
_a35 Rubrics & checklists : _bto assess reading and writing / _cby Adele Fiderer. |
||
| 260 |
_aJefferson City : _bScholastic Professional Books, _c1998. |
||
| 300 | _a80 p. | ||
| 520 | _aTime-Savinf reproducible forms for meaningful literacy assessment | ||
| 650 | _aReproducible forms | ||
| 650 | _aTeaching strategies | ||
| 999 |
_c104306 _d104306 |
||